[Event "EU-chT (Men) 11th"]
[Site "Pula"]
[Date "1997.05.??"]
[Round "6.4"]
[White "Gyimesi, Zoltan"]
[Black "Sergejev, Roman"]
[Result "1/2-1/2"]
[WhiteElo "2500"]
[BlackElo "2370"]
[PlyCount "56"]
[EventDate "1997.05.05"]
[EventType "team-swiss"]
[EventRounds "9"]
[EventCountry "CRO"]
[SourceTitle "CBM 057 Extra"]
[Source "ChessBase"]
[SourceDate "1997.05.01"]
[SourceVersion "1"]
[SourceVersionDate "1997.05.01"]
[SourceQuality "1"]
[WhiteTeam "Hungary"]
[BlackTeam "Estonia"]
[WhiteTeamCountry "HUN"]
[BlackTeamCountry "EST"]

1. d4 d5 2. c4 c6 3. Nf3 Nf6 4. Nc3 e6 5. Bg5 h6 6. Bxf6 Qxf6 7. Qb3 dxc4 8. Qxc4 Nd7 9. 0-0-0 Qf4+ 10. Kb1 Be7 11. e4 Qc7 12. Bd3 e5 13. Nd5 Qd6 14. dxe5 cxd5 15. Qxc8+ Rxc8 16. exd6 Bxd6 17. exd5 Kd8 18. Nd4 Re8 19. Nf5 Bf8 20. Bb5 Re5 21. Ne3 a6 22. Bxd7 Kxd7 23. Rd2 Bc5 24. Nc4 Re4 25. Rc2 Ba7 26. Rhc1 Rc5 27. f3 Re8 28. Rd1 b5 1/2-1/2

[Event "EU-chT (Men) 11th"]
[Site "Pula"]
[Date "1997.05.??"]
[Round "1.4"]
[White "Hodgson, Julian M"]
[Black "Sergejev, Roman"]
[Result "1/2-1/2"]
[WhiteElo "2560"]
[BlackElo "2370"]
[PlyCount "138"]
[EventDate "1997.05.05"]
[EventType "team-swiss"]
[EventRounds "9"]
[EventCountry "CRO"]
[SourceTitle "CBM 057 Extra"]
[Source "ChessBase"]
[SourceDate "1997.05.01"]
[SourceVersion "1"]
[SourceVersionDate "1997.05.01"]
[SourceQuality "1"]
[WhiteTeam "England"]
[BlackTeam "Estonia"]
[WhiteTeamCountry "ENG"]
[BlackTeamCountry "EST"]

1. d4 d5 2. Bg5 h6 3. Bh4 c6 4. Nf3 Qb6 5. b3 Bf5 6. e3 Nd7 7. Bd3 Bxd3 8. Qxd3 e6 9. 0-0 Be7 10. Bxe7 Nxe7 11. c4 0-0 12. Nc3 Rfd8 13. Rfd1 Qa6 14. Rac1 Nf5 15. Qb1 Ne7 16. e4 dxe4 17. Nxe4 Qa5 18. c5 Qc7 19. Nd6 b6 20. b4 a5 21. b5 Rab8 22. Ne5 Nxe5 23. dxe5 bxc5 24. Rxc5 Qa7 25. Rdc1 Rd7 26. a4 cxb5 27. axb5 a4 28. Qa2 Nf5 29. R5c4 Nxd6 30. exd6 Rxd6 31. Rxa4 Qd7 32. Qa1 Rxb5 33. Ra8+ Kh7 34. Ra7 Rb7 35. Rxb7 Qxb7 36. h4 Qd5 37. Qb1+ g6 38. Rc7 Kg7 39. g3 e5 40. Qb7 Qd1+ 41. Kg2 Rf6 42. Qb2 Qd5+ 43. Kg1 Ra6 44. Rc1 Ra2 45. Qc3 Re2 46. Kf1 Rd2 47. Kg1 Qd4 48. Qxd4 exd4 49. Rc6 Ra2 50. Rd6 Ra4 51. h5 gxh5 52. Kg2 f6 53. Kf3 Kg6 54. Rd5 Rb4 55. Kg2 Ra4 56. Kf3 f5 57. Kf4 d3+ 58. Ke3 Kg5 59. Rxd3 h4 60. gxh4+ Rxh4 61. Rd8 Rh3+ 62. f3 Rh2 63. Rg8+ Kf6 64. Kf4 Rh4+ 65. Kg3 Ra4 66. Rf8+ Kg6 67. Rg8+ Kf7 68. Rb8 h5 69. f4 h4+ 1/2-1/2